00885nam a2200205Ia 4500003000400000005001700004008004100021020001800062040000900080082002100089100003100110245008600141260005300227300000900280650001400289942004800303952015600351952015700507999001500664OSt20210111153546.0190216s9999||||xx |||||||||||||| ||und|| a9788120340329 coclc a540.15122bKUN/G a Kunju, A Salahuddin94248 0aGroup Theory And Its Applications In Chemistry /cA Salahuddin Kunju ; G Krishnan bPhi Learning Private Limited,c2012.aNew Delhi: a199p aChemistry cBK2ddch540.15122iKUN/Gk540.15122mKUN/G 00102ddc40708CHEMISTRYaMESbMEScCHEd2019-02-20g250.00l5m8o540.15122 KUN/Gp37657r2023-08-17 10:35:57s2023-07-07t2w2019-02-20yBKzGL26R1 00102ddc40708CHEMISTRYaMESbMEScCHEd2019-02-20g250.00l8m14o540.15122 KUN/Gp37658r2025-08-27 08:38:28s2025-07-14t1w2019-02-20yBKzGL26R1 c3590d3590